000 00482nam a22001937a 4500
003 MPLRDC
005 20220104124503.0
008 210129b ||||| |||| 00| 0 eng d
020 _a962-08-1323-5
082 _a859.61 SJMR-7 v.11
100 _a章萍萍编著
245 _a秋瑾
_c
250 _a初版
260 _a
_b新雅文化事业有限公司
_c1986
300 _b
490 _a世界名人传记;11
650 _a人物故事
942 _cBK
_o859.61 SJMR-7 v.11
999 _c19719
_d19709